| 000 | 01409cam a22003134a 4500 | ||
|---|---|---|---|
| 090 | _c0 | ||
| 001 | 12263620 | ||
| 005 | 20010613110210.0 | ||
| 008 | 001221s2001 maua b 001 0 eng | ||
| 010 | _a00054837 | ||
| 020 | _a0201721694 : (recycled paper) | ||
| 040 |
_aDLC _cDLC _dDLC |
||
| 042 | _apcc | ||
| 050 | 0 | 0 |
_aHF5548.32 _b.N44 2001 |
| 082 | 0 | 0 |
_a658.84 _221 _bNEI |
| 100 | 1 | _aNeidorf, Joanne. | |
| 245 | 1 | 0 |
_aE-Merchant : _bRetail Strategies for e-Commerce / _cJoanne Neidorf, Robin Neidorf. |
| 260 |
_aBoston, MA : _bAddison-Wesley, _cc2001. |
||
| 300 |
_axix, 276 p. : _bill. ; _c24 cm. + _e1 computer optical disc (4 3/4 in.) |
||
| 440 | 0 | _aAddison-Wesley information technology series | |
| 504 | _aIncludes bibliographical references and index. | ||
| 650 | 0 | _aElectronic commerce. | |
| 650 | 0 |
_aRetail trade _xComputer network resources. |
|
| 700 | 1 | _aNeidorf, Robin. | |
| 942 |
_2ddc _cBB |
||
| 999 |
_c10736 _d10736 |
||